000
00339nam a22001217a 4500
003
SGT
082
_a
954
_b
C16
100
_a
वसी, आसिफ
245
_a
चम्पारण सत्याग्रह के 100 वर्ष
260
_b
गाँधी संग्राहलय
_c
2016
300
_a
160
942
_2
ddc
_c
BK
999
_c
31956
_d
31956